000 00348nam a2200133Ia 4500
008 240624s9999 xx 000 0 und d
041 _aeng
082 _a658.4052 BRO
100 _aBROWN DAVID
245 _aNEGOTIATING SECRETS THE EXPERTS TELL ALL
260 _c2010
_aNew Delhi
_bHarperCollins
300 _a128 : p. : cm. ; 21
365 _cRS
_b25
999 _c18644
_d18644